|
|
|
|
| LEADER |
00000nab a2200000ua 4500 |
| 001 |
vtls010795488 |
| 003 |
SK-MaSNL |
| 005 |
20260303123927.0 |
| 008 |
230214s1958 xo |||||||||||||||||slo| |
| 035 |
|
|
|a (urnnbn)urn:nbn:sk:snk:ar-a03aoa
|
| 035 |
|
|
|a (uuid)d276931f-7672-41c3-9300-e113b5bf10cc
|
| 035 |
|
|
|a urn:nbn:sk:snk-ab56f5
|
| 040 |
|
|
|a SNKBUCL
|b slo
|c SNKBUCL
|e AACR2
|
| 041 |
0 |
|
|a slo
|
| 044 |
|
|
|a xo
|c SK
|
| 100 |
1 |
|
|a Stangelová, D.-Kallósová
|4 aut
|9 1140198
|
| 245 |
1 |
0 |
|a PRÍSPEVOK K MIKROSTANOVENIU CELKOVÝCH NEUTRÁLNYCH 17 - KS V MOČl
|c D. Stangelová-Kallósová
|
| 773 |
0 |
|
|t Bratislavské lekárske listy
|g Roč. 38, č. 4 (1958), s. 202-204
|
| 954 |
|
|
|a odborná, vedecká literatúra pôvodná (slovenská)
|2 lita
|
| 958 |
|
|
|a OND
|
| 958 |
|
|
|a EUIPO
|
| 958 |
|
|
|a article3
|
| 999 |
|
|
|c 1928607
|d 1930537
|